Paremiologia catalana comparada / Sebastià Farnés ; edició a cura de Jaume Vidal Alcover, Magí Sunyer i Josep Lluís Savall ; amb la col·laboració de Josep M. Pujol
Descripción Física:
8 v. ; 25 cm
Otros Autores:
Vidal Alcover, Jaume, ed
,
Sunyer i Molné, Magí, ed
,
Savall, Josep Lluís, ed. I
,
Pujol, Josep M.
MARC
| LEADER | 00000nam a2200000Ia 4500 | ||
|---|---|---|---|
| 001 | 10423, 10424, 10720, 11170, 11482, 11768, 12086, 12348 | ||
| 008 | 160829s1992 - 1999 xx 000 0 cat d | ||
| 080 | |a L-1-291, L-1-292, L-1-293, L-1-294, L-1-295, L-1-296, L-1-297, L-1-298 | ||
| 100 | |a Farnés, Sebastià |9 36895 | ||
| 245 | |a Paremiologia catalana comparada / Sebastià Farnés ; edició a cura de Jaume Vidal Alcover, Magí Sunyer i Josep Lluís Savall ; amb la col·laboració de Josep M. Pujol | ||
| 260 | |a Barcelona : |b Columna, |c 1992 - 1999 | ||
| 300 | |a 8 v. ; |c 25 cm | ||
| 590 | |a Conté: v. 1: A; v. 2: B-Cec; v. 3: Cecília-Dona; v. 4: Donació-Guardiola; v. 5: Guardó-Maties; v. 6: Matinada-Pecat; v. 7: Pecuni-Secret; v. 8: Secular-Zic. | ||
| 590 | |a A la contracoberta: Generalitat de Catalunya. Departament de Cultura, Ajuntament de Barcelona, Diputació de Barcelona. | ||
| 650 | |a Proverbis catalans |x Història i crítica |9 36896 | ||
| 650 | |a Proverbis catalans |x Diccionaris |9 36897 | ||
| 700 | |a Vidal Alcover, Jaume, ed. |9 34699 | ||
| 700 | |a Sunyer i Molné, Magí, ed. |9 36898 | ||
| 700 | |a Savall, Josep Lluís, ed. I |9 36899 | ||
| 700 | |a Pujol, Josep M. |9 36900 | ||
| 710 | 2 | |a Catalunya. |b Departament de Cultura |9 52819 | |
| 710 | 1 | |a Barcelona (Catalunya). |b Ajuntament |9 50981 | |
| 710 | 1 | |a Barcelona (Catalunya : Província). |b Diputació |9 52408 | |
| 901 | |a Arxiu | ||
| 942 | |n 1 | ||
| 952 | |0 0 |1 0 |4 0 |6 L1291_L1292_L1293_L1294_L1295_L1296_L1297_L1298 |7 1 |9 47557 |a Arxiu |b Arxiu |d 2016-12-01 |l 0 |o L-1-291, L-1-292, L-1-293, L-1-294, L-1-295, L-1-296, L-1-297, L-1-298 |p 10423, 10424, 10720, |r 2016-12-01 00:00:00 |w 2016-12-01 |y ARXIU | ||
| 999 | |c 51356 |d 51356 | ||